000 00740nam a2200265 i 4500
001 000024529
003 DO-SdBNP
005 20240314073721.0
007 ta
008 110128s1998 dr r 001 0dspa d
040 _aDO-SdBNP
_bspa
_cBNPHU
_erda
082 4 _bJ941j
_222
100 _aJulia, Carmen V.
_eautora
_984866
245 0 0 _aY Jesús me llegó al alma /
_cCarmen V. Julia
264 _aSanto Domingo :
_bTaller,
_c1998.
300 _a76 páginas ;
_c16 cm.
336 _2rdacontent
_atexto
_btxt
337 _2rdamedia
_asin mediación
_bnc
338 _2rdacarrier
_avolumen
_bn
505 _g
590 _aInventariado, 2024 /DG
600 1 0 _aDuarte, Juan Pablo,
_d1813-1876
_91494
910 _aDG
942 _2ddc
_cLBS1
999 _c55817
_d55817